000 04453namaa22004211i 4500
003 OSt
005 20250223033322.0
008 241111s2023 |||a|||f m||| 000 0 eng d
040 _aEG-GICUC
_beng
_cEG-GICUC
_dEG-GICUC
_erda
041 0 _aeng
_beng
_bara
049 _aDeposite
082 0 4 _a621.312136
092 _a621.312136
_221
097 _aM.Sc
099 _aCai01.13.07.M.Sc.2023.Ab.D
100 0 _aAbdulrahman Mahmoud Abdulsalam Emam,
_epreparation.
245 1 0 _aDeveloping a collector system aggregation technique of a large-scale grid-connected wind farm for power system studies /
_cby Abdulrahman Mahmoud Abdulsalam Emam ; supervisors Prof. Zeinab Mohamed Osman , Prof. Mostafa El-Shahed , Dr. Mohamed Yousri.
246 1 5 _a/ تطوير تقنية تجميع الشبكة الداخلية لمزرعة الرياح واسعة النطاق المتصلة بالشبكة لدراسات نظم القوي الكهربية
264 0 _c2023.
300 _a74 pages :
_billustrations ;
_c30 cm. +
_eCD.
336 _atext
_2rda content
337 _aUnmediated
_2rdamedia
338 _avolume
_2rdacarrier
502 _aThesis (M.Sc)-Cairo University, 2023.
504 _aBibliography: pages 67-71.
520 _aThis thesis presents a Per Unit Full Aggregation (PUFA) technique based on the power loss-based wind farm collector system technique and the Per-Unit (pu) system model to obtain an equivalent representation of the large-scale wind farm collector system. Using the developed technique, an equivalent model of Gabel El-Zeit WF, Egypt, which includes two HV three-winding transformers, is implemented. DIgSILENT PowerFactory software is used to compare the proposed model's quasi-dynamic simulation (QDS), transient time domain simulation in both constant and variable incoming wind speed cases, modal analysis (MA), and small signal simulation response and the corresponding responses of the Detailed Model (DM), Multi Machine Equivalent Model (MMEM), and Full Aggregated Equivalent Model (FAEM) using overall active and reactive power losses from the DM power flow calculations. The comparison between the different models and the proposed one has confirmed that it realizes very competitive results with the highest computation speed and very good accuracy in both steady-state and dynamic conditions.
520 _aاستنادًا إلى معادلات فقد الطاقة ونظام الوحدة، تقدم الرسالة طريقة لتجميع الشبكة الداخلية لمحطات الرياح واسعة النطاق المتصلة بالشبكة والمحتوية علي محولات ثنائية وثلاثية الملفات. وتم التطبيق علي محطة رياح جبل الزيت في مصر، وشملت الرسالة علي مقارنة بين نتائج النموذج المجمع باستخدام الطريقة المطورة ونتائج كل من النموذج التفصيلي والنموذج المجمع متعدد الماكينات والنموذج المجمع الكلي باستخدام تقنية حساب الفقد في القدرة الفعالة والغير فعالة من نتائج حساب سريان القدرة للنموذج التفصيلي آخذة في الاعتبار حالتي ثبات وتغير سرعة الرياح على المناطق المختلفة لتوربينات الرياح. أكدت المقارنة بين النماذج المختلفة والنموذج المقترح أنه يحقق نتائج تنافسية للغاية مع أعلى سرعة حسابية ودقة جيدة جدًا في كل من الحالة المستقرة والظروف الديناميكية.
530 _aIssues also as CD.
546 _aText in English and abstract in Arabic & English.
650 7 _awind power generation
_2qrmak
653 0 _aWind farm modeling
_aThree winding transformers
_aCollector system aggregation technique
_aSteady-state and dynamic studies
_aDIgSILENT Power Factory
700 0 _aZeinab Mohamed Osman
_ethesis advisor.
700 0 _aMohamed Yousri
_ethesis advisor.
900 _b01-01-2023
_cMohamed Yousri
_cZeinab Mohamed Osman
_dMohamed Ahmed Hassan
_dAlmoataz Yousef Abdelaziz
_UCairo University
_FFaculty of Engineering
_DDepartment of Electrical Power and Machines Engineering
905 _aShimaa
_eHuda
942 _2ddc
_cTH
_e21
_n0
999 _c168747